000 01008cab a2200337 4500
001 ABS46205
008 090401t1992 xxu||||| |||| 00| 0 eng d
035 _a(Sirsi) u57150
041 _aeng
100 _aLennox, K.
245 _aTime gentleman, please!
260 _c1992
350 _a0
490 _aEstates Gazette
_v(9216) 25 April 1992, 68-63(3)
520 _aReports on the brewing companies strategy following the MMC report in 1989 and finds that the market is holding up with fewer pubs on the market than expected.
650 _aBREWERIES
650 _aINSTITUTIONAL INVESTMENT
650 _aLEASING ARRANGEMENTS
650 _aLICENSED PREMISES
650 _aMONOPOLIES AND MERGERS COMMISSION
650 _aOFT
650 _aOFT
650 _aPUB LEASES
650 _aPUBLIC HOUSE MARKET
650 _aPUBLIC HOUSES
650 _aValuation
_96273
690 _aPROPERTY-COMMERCIAL PROPERTY
690 _aLEISURE AND RECREATION
942 _n0
948 _c04/03/1997
999 _c34825
_d34825